| 000 | 00577nam a22001937a 4500 | ||
|---|---|---|---|
| 999 |
_c188292 _d188292 |
||
| 005 | 20220517124306.0 | ||
| 010 | _aENG-132643 | ||
| 020 |
_a9788180386817 _c595.00 |
||
| 035 | _aEN-116175 | ||
| 037 | _bDBAD/PUB | ||
| 082 | _a346.015026 | ||
| 100 | _aKusum | ||
| 245 |
_aFamily Law Lectures Family Law I/ _cKusum |
||
| 250 | _aThird Edition | ||
| 260 |
_aGurgaon _bLexisnexis _c2007 |
||
| 270 |
_a14th Floor, Building No. 10, Tower-B, DLF Cyber City, Phase-II _bGurgaon _e122002 |
||
| 300 |
_a701p _bIndex _c24cm(pbk) |
||
| 942 |
_2ddc _cEN _mKUS _h346.015026 |
||